Исследование и оптимизация процесса плазменной утилизации Шлам-Лигнина; Перспективы развития фундаментальных наук

Bibliographic Details
Parent link:Перспективы развития фундаментальных наук.— 2013.— [С. 163-165]
Main Author: Пиунова К. Г. Ксения Григориевна
Corporate Author: Национальный исследовательский Томский политехнический университет
Other Authors: Новосёлов И. Ю. Иван Юрьевич (научный руководитель), Каренгин А. Г. Александр Григорьевич
Summary:Заглавие с экрана
During the acid treatment of wood waste materials creates in the form of technical lignins. Lack of efficient use of processing technologies has led to their accumulation. In this article the calculation and optimization of the process plasma burning sludge lignin, the possibility of such wastes for disposal in plasma.
Language:Russian
Published: 2013
Series:Физика
Subjects:
Online Access:http://www.lib.tpu.ru/fulltext/c/2013/C21/051.pdf
Format: MixedMaterials Electronic Book Chapter
KOHA link:https://koha.lib.tpu.ru/cgi-bin/koha/opac-detail.pl?biblionumber=603620

MARC

LEADER 00000naa2a2200000 4500
001 603620
005 20260204104909.0
035 |a (RuTPU)RU\TPU\conf\816 
035 |a RU\TPU\conf\800 
090 |a 603620 
100 |a 20140129d2013 k y0rusy50 ca 
101 0 |a rus 
102 |a RU 
135 |a drcn ---uucaa 
181 0 |a i  
182 0 |a b 
200 1 |a Исследование и оптимизация процесса плазменной утилизации Шлам-Лигнина  |d Research and optimization of the process of plasma disposalthe Sludge-Lignin  |f К. Г. Пиунова, И. Ю. Новосёлов  |g науч. рук. А. Г. Каренгин 
203 |a Текст  |c электронный 
215 |a 1 файл(460 Кб) 
225 1 |a Физика 
300 |a Заглавие с экрана 
320 |a [Библиогр.: с. 165 (3 назв.)] 
330 |a During the acid treatment of wood waste materials creates in the form of technical lignins. Lack of efficient use of processing technologies has led to their accumulation. In this article the calculation and optimization of the process plasma burning sludge lignin, the possibility of such wastes for disposal in plasma. 
337 |a Adobe Reader 
463 1 |0 (RuTPU)RU\TPU\conf\715  |t Перспективы развития фундаментальных наук  |l Prospects of fundamental sciences development  |o сборник научных трудов X Международной конференция студентов и молодых ученых, г. Томск, 23-26 апреля 2013 г.  |f Национальный исследовательский Томский политехнический университет (ТПУ) ; под ред. Е. А. Вайтулевич и др.  |v [С. 163-165]  |d 2013 
510 1 |a Research and optimization of the process of plasma disposalthe Sludge-Lignin  |z eng 
610 1 |a электронный ресурс 
610 1 |a труды учёных ТПУ 
610 1 |a исследования 
610 1 |a оптимизация процессов 
610 1 |a плазменная утилизация 
700 1 |a Пиунова  |b К. Г.  |c физик  |c техник-проектировщик Томского политехнического университета  |f 1993-  |g Ксения Григориевна  |3 (RuTPU)RU\TPU\pers\32436 
701 1 |a Новосёлов  |b И. Ю.  |c специалист в области ядерных технологий  |c инженер-исследователь Томского политехнического университета  |f 1989-  |g Иван Юрьевич  |3 (RuTPU)RU\TPU\pers\32434 
702 1 |a Каренгин  |b А. Г.  |c физик  |c доцент Томского политехнического университета, кандидат физико-математических наук  |f 1950-  |g Александр Григорьевич  |4 727  |9 10751 
712 0 2 |a Национальный исследовательский Томский политехнический университет  |c (2009- )  |9 26305 
801 1 |a RU  |b 63413507  |c 20101016 
801 2 |a RU  |b 63413507  |c 20230323  |g RCR 
850 |a 63413507 
856 4 |u http://www.lib.tpu.ru/fulltext/c/2013/C21/051.pdf 
942 |c CF